| 000 | 01069cam a22003377a 4500 | ||
|---|---|---|---|
| 003 | CHAP | ||
| 005 | 20220817040943.0 | ||
| 008 | 971013s1979 r 00010 d | ||
| 010 | _a3366 | ||
| 011 | _a4338 | ||
| 035 | _a3540 | ||
| 040 | _cCHAP | ||
| 090 | _aFolleto 13035 | ||
| 100 | 0 | 0 |
_aEspinosa G., Francisco F. _937929 |
| 245 | 1 | 3 | _aEl trigo sarraceno, una posibilidad más para la alimentación animal |
| 260 |
_aMéxico, D.F. : _bFideicomisos Instituidos en Relación con la Agricultura, _c1979 |
||
| 300 | _app. 30-34 | ||
| 410 | _aFIRA | ||
| 490 | 0 |
_aBoletin informativo _v; 12 (111) |
|
| 501 | _aEnc. con impresos similares | ||
| 590 |
_aBATCH-UPD _b10 _c20130110 _lUCH01 _h1314 |
||
| 590 |
_aBATCH-UPD _b10 _c20130410 _lUCH01 _h0826 |
||
| 590 |
_aCONVERSION _b10 _c20130109 _lUCH01 _h1303 |
||
| 650 | 1 | 4 |
_aAlforfon. _93946 |
| 650 | 1 | 4 |
_aAlimentos y alimentacion del ganado. _94326 |
| 810 |
_aFIRA _941029 |
||
| 830 | 0 |
_aBoletin informativo _v; 12 (111) |
|
| 901 | _aBK | ||
| 942 | _cFOLL | ||
| 949 |
_aFolleto 13035 _bBC _cFOLL _d-13061 _eTS1 _i3540 _mD _si |
||
| 999 |
_c3366 _d3366 |
||